| 000 | 01004cam a22002775a 4500 | ||
|---|---|---|---|
| 001 | 1083710 | ||
| 005 | 20160314153436.0 | ||
| 008 | 090130s2007 ii a frb 001 0 eng d | ||
| 020 | _z8122419607 | ||
| 020 | _z9788122419603 | ||
| 040 |
_aCaPaEBR _cCaPaEBR _beng _dEG-ScBUE |
||
| 082 | 0 | 4 |
_222 _a615.321 _bKAR |
| 100 | 1 |
_aKar, Ashutosh. _939552 |
|
| 245 | 1 | 0 |
_aPharmacognosy and pharmacobiotechnology / _cAshutosh Kar. |
| 250 | _a2nd ed., rev.-expanded. | ||
| 260 |
_aNew Delhi : _bNew Age International (P) Limited, _c2007. |
||
| 300 |
_axvii, 879 p. : _bill. ; _c24 cm. |
||
| 500 | _aIndex : p. 835-879. | ||
| 504 | _aIncludes bibliographical references. | ||
| 533 |
_aElectronic reproduction. _bPalo Alto, Calif. : _cebrary, _d2010. _nAvailable via World Wide Web. _nAccess may be limited to ebrary affiliated libraries. |
||
| 650 | 7 |
_aPharmaceutical biotechnology. _2BUEsh _939079 |
|
| 650 | 7 |
_aPharmacognosy. _2BUEsh _939550 |
|
| 653 |
_bPPhrm _cMarch2016 |
||
| 710 | 2 | _aebrary, Inc. | |
| 942 | _2ddc | ||
| 999 |
_c21412 _d21384 |
||